Statistiques concernant Polytech Lyon SIR Professeur

Cliquez ici pour prendre le quiz!

Statistiques générales

  • Ce quiz a été pris 17 fois
  • Le résultat moyen est 7 sur 9

Statistiques - réponses

HintRéponse% Correct
🥸 🖥️Jean-Pierre Benedetto
100%
🦾👨🏻‍🏫Clement Hignette
92%
😷 🇬🇧Herve Jamon
92%
😤 0️⃣Fabien Mieyeville
83%
🥵 🍑Muriel Viviers
83%
👵🏻 🔌Florence Denis
75%
😴 👨🏻‍🌾Frederic Jagneaux
67%
🤌🏼 🗣️Andrea Pietrelli
58%
🤓 ➕Xavier Escriva
58%

Distribution des résultats

Percentile par nombre de réponses

% des personnes avec chaque résultat

Votre développement - résultats

Vous n’avez pas pris ce quiz